| 000 | 00282nam a22001217a 4500 | ||
|---|---|---|---|
| 999 |
_c23194 _d23194 |
||
| 003 | NUST | ||
| 005 | 20170602131017.0 | ||
| 008 | 170511b xxu||||| |||| 00| 0 eng d | ||
| 020 | _a0070481970 | ||
| 040 |
_aDLC _bDLC _cRCMS |
||
| 050 | _a532.05 | ||
| 082 | _a532.05 | ||
| 100 |
_aOOSTHUIZEN, PATRICK H. & WILLIAM E. CARSCALLEN _9467 |
||
| 245 | _aCOMPRESSIBLE FLUID FLOW | ||
| 260 |
_aUSA _bMCGRAW HILL _cc1997 |
||
| 300 | _a548 | ||
| 538 | _iShelf # 13, Row # 2, Fiction. Shelf # 11, Row # 1, Mechanical & Aerospace. Shelf # 11, Row # 3, Mechanical & Aerospace. | ||
| 942 |
_cBK _2ddc |
||